00750nam a2200241Ia 450000500170000000800460001703700110006304000080007404000080008204000080009004100080009804100080010608400080011410000520012224501100017426000090028430000100029365000170030370000720032094200070039299900210039995200880042020260430150106.0008 250103s9999 xx 000 0 eng d aTheses aCRL beng ceng 2eng aeng qCRL aMalik Anku Au.; Geeta Trilok Kumar Gu.91236430 0aBody composition, bone and muscile strength of school children (8-14 Years) born low birth weight at term c2021 a179p. aHome Science aUniversity of Delhi. Faculty of Science. Department of Home Science cTH c1848925d1848925 00104070aCRLbCRLd2026-04-30l0pTH0025976r2026-04-30 15:01:06w2026-04-30yTH